000 004720000a22001930004500
003 LK-CoMWRAF
005 20230924203153.0
008 230817t ||||| |||| 00| 0 eng d
020 _a0892590432
040 _aLK-CoMWRAF
_dLK-CoMWRAF
_eLK-CoMWRAF
041 _aeng
082 _a297
_bABU
100 _aAbu-Saud, Mahmoud
245 _aConcept of Islam
260 _aU.S.A. :
_bAmerican trust publications,
_c1990
300 _a147p
650 _aIslam
942 _cBK
999 _c1054
_d1054